<?xml version="1.0" encoding="UTF-8"?>
<record
    xmlns:xsi="http://www.w3.org/2001/XMLSchema-instance"
    xsi:schemaLocation="http://www.loc.gov/MARC21/slim http://www.loc.gov/standards/marcxml/schema/MARC21slim.xsd"
    xmlns="http://www.loc.gov/MARC21/slim">

  <leader>00439nam a2200145Ia 4500</leader>
  <controlfield tag="008">221007s9999    xx            000 0 und d</controlfield>
  <datafield tag="041" ind1=" " ind2=" ">
    <subfield code="a">eng</subfield>
  </datafield>
  <datafield tag="082" ind1=" " ind2=" ">
    <subfield code="b">POO</subfield>
  </datafield>
  <datafield tag="100" ind1=" " ind2=" ">
    <subfield code="a">Poornima Dang - 2k181129 &amp; Dr. Suvarna  Dhamdhere - Guide</subfield>
    <subfield code="9">105057</subfield>
  </datafield>
  <datafield tag="245" ind1=" " ind2="2">
    <subfield code="a">A Study Of Atm &amp; Network Management T Bank Of Maharashtra</subfield>
  </datafield>
  <datafield tag="260" ind1=" " ind2=" ">
    <subfield code="c">2019</subfield>
    <subfield code="b">Savitribai Phule Pune University</subfield>
    <subfield code="a">Pune</subfield>
  </datafield>
  <datafield tag="300" ind1=" " ind2=" ">
    <subfield code="a">41p</subfield>
    <subfield code="c">Hard Bound</subfield>
  </datafield>
  <datafield tag="440" ind1=" " ind2=" ">
    <subfield code="v">1</subfield>
  </datafield>
  <datafield tag="906" ind1=" " ind2=" ">
    <subfield code="b">General</subfield>
  </datafield>
  <datafield tag="999" ind1=" " ind2=" ">
    <subfield code="c">79957</subfield>
    <subfield code="d">79957</subfield>
  </datafield>
  <datafield tag="952" ind1=" " ind2=" ">
    <subfield code="0">0</subfield>
    <subfield code="1">0</subfield>
    <subfield code="4">0</subfield>
    <subfield code="7">0</subfield>
    <subfield code="a">HIMR</subfield>
    <subfield code="b">HIMR</subfield>
    <subfield code="d">2019-12-05</subfield>
    <subfield code="e">HNIMR</subfield>
    <subfield code="l">0</subfield>
    <subfield code="o"> POO</subfield>
    <subfield code="p">HIMR-PR-695</subfield>
    <subfield code="r">2022-10-07 00:00:00</subfield>
    <subfield code="w">2019-12-05</subfield>
    <subfield code="y">PR</subfield>
    <subfield code="z">PR0695</subfield>
  </datafield>
</record>
